000 01029nam a2200169Ia 4500
005 20250723104357.0
008 250723s9999 xx 000 0 und d
020 _a9780333984550
082 _a947.073
_bOME
100 _aO'Meara, Patrick
245 4 _aThe Decembrist Pavel Pestel
260 _bPalgrave Macmillan
_c2004
300 _a256 pages
500 _aRussia's First Republican is designed to fill a gap in the historiography of the Decembrist movement. The research done in archives and libraries in Russia, the US, and the UK has led to the production of a comprehensive study of Pestel, the political activist and ideologue. It comprises a reconstruction of his formative years, an analysis of his role in the Decembrist secret societies from 1816 to 1825, and an assessment of his ideological contribution to the early nineteenth-century Russian revolutionary movement. Particular attention is paid to his highly original project for a Russian republic, Russian Justice.
650 _aHistory
942 _cENGLISH
999 _c577059
_d577059